000 00409nam a2200181 4500
003 OSt
008 240520b |||||||| |||| 00| 0 eng d
020 _a9789355017574
082 _a005.133
100 _aSUNDARADASU, Suresh
245 _aCode with Python
250 _aRep.
260 _aNew Delhi
_bS.Chand
_c2024
300 _aMisc
650 _aCSE AIDS
700 _aSREE, Rama S
942 _2ddc
_cBK
999 _c12704
_d12704